| 000 | 015700000a22003370004500 | ||
|---|---|---|---|
| 003 | EG-GICUC | ||
| 005 | 20250223024958.0 | ||
| 008 | 070728s2007 ua a f m 000 0 eng d | ||
| 040 |
_aEG-GICUC _beng _cEG-GICUC |
||
| 041 | 0 | _aEng | |
| 049 | _aDeposite | ||
| 097 | _aM.Sc | ||
| 099 | _aCai01.09.06.M.Sc.2007.Kh.E | ||
| 100 | 0 | _aKhalid Mabrook Gaber | |
| 245 | 1 | 0 |
_aEvaluation of pterygoid orbital plane as a horizontal reference in natural head lateral cephalograms / _cKhalid Mabrook Gaber ; Supervised Sanaa Abouzeid Soliman ; Dalia Nabil Elbokle |
| 246 | 1 | 5 | _aتقيييم المستوى الجناحى - الحجاجى كمرجع افقى للصور الشعاعية الجانبية لقياس الراس فى الوضع الطبيعى |
| 260 |
_aCairo : _bKhalid Mabrook Gaber , _c2007 |
||
| 300 |
_a113Leaves : _bill ; _c30cm |
||
| 502 | _aThesis (M.Sc.) - Cairo University - Faculty Of Oral and Dental Medicine - Department Of Orthodontics | ||
| 520 | _aThis study was carried out to evaluate pterygoid - orbital plane relative to true vertical in a sample of 69 Egyptian adults.27 males and 32 females with age ranged from 18 - 25 years , they had accepted occlusion and facial profile | ||
| 530 | _aIssued Also as CD | ||
| 653 | 4 | _aCephalograms | |
| 653 | 4 | _aHorizontal Reference | |
| 653 | 4 | _aOrbitalPlane | |
| 700 | 0 |
_aDalia Nabil Elbokle , _eSupervisor |
|
| 700 | 0 |
_aSanaa Abouzeid Soliman , _eSupervisor |
|
| 856 | _uhttp://172.23.153.220/th.pdf | ||
| 905 |
_aMustafa _eRevisor |
||
| 905 |
_aNazla _eCataloger |
||
| 942 |
_2ddc _cTH |
||
| 999 |
_c3072 _d3072 |
||